Joseph Murumbi : (Record no. 29942)
[ view plain ]
| 000 -LEADER | |
|---|---|
| fixed length control field | 01073cam a2200313 i 4500 |
| 001 - CONTROL NUMBER | |
| control field | 20558636 |
| 005 - DATE AND TIME OF LATEST TRANSACTION | |
| control field | 20181113102816.0 |
| 008 - FIXED-LENGTH DATA ELEMENTS--GENERAL INFORMATION | |
| fixed length control field | 180627s2018 ke a b 000 0 eng |
| 010 ## - LIBRARY OF CONGRESS CONTROL NUMBER | |
| LC control number | 2018354343 |
| 020 ## - INTERNATIONAL STANDARD BOOK NUMBER | |
| International Standard Book Number | 9789966117588 |
| 040 ## - CATALOGING SOURCE | |
| Original cataloging agency | DLC |
| Language of cataloging | eng |
| Description conventions | rda |
| Transcribing agency | DLC |
| 042 ## - AUTHENTICATION CODE | |
| Authentication code | lcode |
| -- | pcc |
| 043 ## - GEOGRAPHIC AREA CODE | |
| Geographic area code | f-ke--- |
| 050 00 - LIBRARY OF CONGRESS CALL NUMBER | |
| Classification number | DT433.582.M87 |
| Item number | R68 2018 |
| 100 1# - MAIN ENTRY--PERSONAL NAME | |
| Personal name | Rothmyer, Karen, |
| Relator term | author. |
| 245 10 - TITLE STATEMENT | |
| Title | Joseph Murumbi : |
| Remainder of title | a legacy of integrity / |
| Statement of responsibility, etc. | Karen Rothmyer. |
| 260 ## - PUBLICATION, DISTRIBUTION, ETC. (IMPRINT) | |
| Place of publication, distribution, etc. | [Nairobi] : |
| Name of publisher, distributor, etc. | Zand Graphics, |
| Date of publication, distribution, etc. | [2018] |
| 300 ## - PHYSICAL DESCRIPTION | |
| Extent | 194 p. : |
| Other physical details | ill. ; |
| Dimensions | 25 cm |
| 504 ## - BIBLIOGRAPHY, ETC. NOTE | |
| Bibliography, etc | Includes bibliograpical references (pages 192-193). |
| 600 10 - SUBJECT ADDED ENTRY--PERSONAL NAME | |
| Personal name | Murumbi, Joseph, |
| Dates associated with a name | 1911-1990. |
| 650 #0 - SUBJECT ADDED ENTRY--TOPICAL TERM | |
| Topical term or geographic name as entry element | Vice presidents |
| Geographic subdivision | Kenya |
| Form subdivision | Biography. |
| 650 #0 - SUBJECT ADDED ENTRY--TOPICAL TERM | |
| Topical term or geographic name as entry element | Art |
| General subdivision | Collectors and collecting |
| Geographic subdivision | Kenya |
| Form subdivision | Biography. |
| 906 ## - LOCAL DATA ELEMENT F, LDF (RLIN) | |
| a | 7 |
| b | cbc |
| c | origode |
| d | 2 |
| e | ncip |
| f | 20 |
| g | y-gencatlg |
| 942 ## - ADDED ENTRY ELEMENTS (KOHA) | |
| Source of classification or shelving scheme | |
| Koha item type | Africana (Books) |
| Withdrawn status | Lost status | Source of classification or shelving scheme | Damaged status | Not for loan | Home library | Current library | Shelving location | Date acquired | Total Checkouts | Full call number | Barcode | Date last seen | Date last checked out | Price effective from | Koha item type |
|---|---|---|---|---|---|---|---|---|---|---|---|---|---|---|---|
| MACHAKOS UNIVERSITY LIBRARY | MACHAKOS UNIVERSITY LIBRARY | Open shelf | 09/11/2018 | 2 | HC102.5 .M87 2018 | 38440 | 26/10/2023 | 11/10/2023 | 09/11/2018 | Hard Covered Materials |